[Event "BL2 Sued 1617 (Women)"]
[Site "Germany"]
[Date "2017.01.22"]
[Round "4.5"]
[White "Ehmann, Johanna"]
[Black "Froehlich, Franziska"]
[Result "1/2-1/2"]
[WhiteElo "1667"]
[BlackElo "1753"]
[PlyCount "87"]
[EventDate "2016.10.22"]
[EventType "team-tourn"]
[EventRounds "7"]
[EventCountry "GER"]
[SourceTitle "EXT 2018"]
[Source "ChessBase"]
[SourceDate "2017.10.13"]
[SourceVersion "1"]
[SourceVersionDate "2017.10.13"]
[SourceQuality "1"]
[WhiteTeam "Langen (W)"]
[BlackTeam "Stuttgart Wolfbusch (W)"]
[WhiteTeamCountry "GER"]
[BlackTeamCountry "GER"]

1. e4 e6 2. d4 d5 3. exd5 exd5 4. Nf3 Bd6 5. c4 c6 6. h3 Ne7 7. Bd3 dxc4 8. Bxc4 0-0 9. 0-0 Nd7 10. Nc3 Nb6 11. Bb3 Bf5 12. Nh4 Bd7 13. Ne4 Bc7 14. Qh5 Nbd5 15. Ng5 h6 16. Ne4 Bf4 17. Bxf4 Nxf4 18. Qd1 Ned5 19. Nf3 Bf5 20. Nc3 Re8 21. Nxd5 Nxd5 22. Rc1 Qd6 23. Bxd5 Qxd5 24. Rc5 Qe4 25. Re1 Qf4 26. Rce5 Be6 27. a3 Red8 28. R5e4 Qf6 29. R1e3 Rd6 30. Ne5 Qd8 31. Nf3 Qb6 32. Qe2 Rad8 33. b4 a5 34. Qb2 axb4 35. axb4 Ra8 36. Ra3 Rxa3 37. Qxa3 Rd8 38. Qc3 Ra8 39. Qc5 Ra1+ 40. Kh2 Qc7+ 41. Qe5 Qd7 42. Qb8+ Kh7 43. Ne5 Qe7 44. Nd3 1/2-1/2